000 00392nam a2200145Ia 4500
008 231129s2000||||xx |||||||||||||| ||spa||
020 _a958-33-1951-1
040 _bspa
082 _aCo863.6 C965s
100 _aCuellar Rodrí­guez Gerardo
245 0 _aSoledades: Historia de vida
260 _c2000
264 _aRoa Impresores
942 _2ddc
_cBKS
999 _c24791
_d24791